Кысь: роман

Bibliografiske detaljer
Hovedforfatter: Толстая Т. Н. Татьяна Никитична
Summary:"Кысь" — литературное открытие последних лет. За этот роман Татьяна Толстая была удостоена премии "Триумф" . Также в книгу включены несколько интервью автора.
Sprog:russisk
Udgivet: Москва, Эксмо, 2003
Fag:
Format: MixedMaterials Bog
KOHA link:https://koha.lib.tpu.ru/cgi-bin/koha/opac-detail.pl?biblionumber=670330

MARC

LEADER 00000nam0a2200000 4500
001 670330
005 20240415132718.0
010 |a 5-699-04971-1 
090 |a 670330 
100 |a 20240125d2003 m||y0rusy50 ca 
101 0 |a rus 
102 |a RU 
105 |a y z 000ay 
181 0 |a i   |b  e  
182 0 |a n 
183 0 |a nc  |2 RDAcarrier 
200 1 |a Кысь  |e роман  |f Татьяна Толстая 
203 |a Текст  |b визуальный  |c непосредственный 
210 |a Москва  |c Эксмо  |d 2003 
215 |a 367 с. 
283 |a volume  |2 RDAcarrier 
330 |a "Кысь" — литературное открытие последних лет. За этот роман Татьяна Толстая была удостоена премии "Триумф" . Также в книгу включены несколько интервью автора. 
606 1 |a Русская литература современная  |9 50316 
610 1 |a художественная литература 
610 1 |a романы 
610 1 |a современная проза 
610 1 |a проза 
675 |a Р2  |v 4  |z rus 
700 1 |a Толстая  |b Т. Н.  |g Татьяна Никитична 
801 0 |a RU  |b 63413507  |c 20240125 
942 |c BK